Các mạng Nga và các dân tộc thuộc địa /

Wedi'i Gadw mewn:
Manylion Llyfryddiaeth
Prif Awdur: Nguyễn Ái Quốc.
Awduron Eraill: Hồ Chí Minh.
Fformat: Erthygl
Iaith:Vietnamese
Pynciau:
Nga
Tagiau: Ychwanegu Tag
Dim Tagiau, Byddwch y cyntaf i dagio'r cofnod hwn!
Thư viện lưu trữ: Thư viện Trường Đại học Đà Lạt
LEADER 00781nam a2200277 4500
001 DLU090073254
005 ##20090508
040 # # |a DLU  |b vie 
041 # # |a vie 
044 # # |a vn 
100 # # |a Nguyễn Ái Quốc. 
245 # # |a Các mạng Nga và các dân tộc thuộc địa /  |c Nguyễn Ái Quốc. 
653 # # |a Giải phóng dân tộc 
653 # # |a Nga 
653 # # |a Tư tưởng cách mạng 
700 # # |a Hồ Chí Minh. 
773 # # |t Khoa học Xã hội  |g Số 34, 1997, tr. 6-9 
920 # # |a Phòng Tạp chí -- Trung tâm Thông tin - Thư viện Trường Đại học Đà Lạt 
994 # # |a DLU 
900 # # |a True 
911 # # |a Nguyễn Thanh Hương 
925 # # |a G 
926 # # |a A 
927 # # |a BB 
980 # # |a Thư viện Trường Đại học Đà Lạt